Elementos de muestreo
Saved in:
| 主要作者: | |
|---|---|
| 其他作者: | , |
| 格式: | 圖書 |
| 語言: | 西班牙语 |
| 出版: |
Ciudad de México
Iberoamérica
1987
|
| 主題: | |
| 標簽: |
添加標簽
沒有標簽, 成為第一個標記此記錄!
|
MARC
| LEADER | 00000nam a2200000 a 4500 | ||
|---|---|---|---|
| 001 | UCW1075 | ||
| 003 | CL-VaPUC | ||
| 008 | 901211e19870000MX |||||||||||||||||spa|d | ||
| 082 | 0 | 4 | |a 001.433 |b SCH |2 21 |
| 100 | 0 | |a Scheaffer, Richard L |e author |9 304995 | |
| 700 | |a Mendenhall, William |e autor |9 594170 | ||
| 700 | |a Ott, R., Lyman |e autor |9 525234 | ||
| 245 | 1 | 0 | |a Elementos de muestreo |
| 300 | |a 321 p | ||
| 942 | |c BK | ||
| 945 | |d 19901211 00:00:00 |a mfernand | ||
| 260 | |a Ciudad de México |b Iberoamérica |c 1987 | ||
| 650 | 0 | |a Muestreo |9 270457 | |
| 650 | 0 | |a Estadística |9 259535 | |
| 583 | |a last modification |c 19901211 00:00:00 |k Rodrigo Vera | ||
| 999 | |c 216044 |d 216042 | ||
| 952 | |0 0 |1 0 |4 0 |6 001_433000000000000_SCH_1987 |7 0 |8 A |9 201428 |a BIBMAT |b BIBMAT |d 2019-11-14 |i 2686066 |o 001.433 SCH 1987 |p 2686066 |r 2025-01-07 |w 2019-11-14 |y BK |k MAT | ||
| 952 | |0 0 |1 0 |4 0 |6 001_433000000000000_SCH_1987 |7 0 |8 CCM |9 201429 |a BIBCUR |b BIBCUR |d 2019-11-14 |i 3078078 |o 001.433 SCH 1987 |p 3078078 |r 2025-04-22 |w 2019-11-14 |y BK |k CIM | ||
| 952 | |0 0 |1 0 |4 0 |6 001_433000000000000_SCH_1987 |7 0 |8 P |9 201430 |a BIBENE |b BIBENE |d 2019-11-14 |i 3162060 |o 001.433 SCH 1987 |p 3162060 |r 2025-01-15 |w 2019-11-14 |y BK |k ICO | ||
| 952 | |0 0 |1 0 |4 0 |6 001_433000000000000_SCH_1987 |7 0 |8 P |9 201431 |a BIBENE |b BIBENE |d 2019-11-14 |i 3240711 |o 001.433 SCH 1987 |p 3240711 |r 2025-01-15 |w 2019-11-14 |y BK |k ICO | ||